Francuskie czasowniki - Statystyki

Ogólne statystyki
  • Ten quiz został rozwiązany 533 razy
  • Średni wynik to 18 z 27
Statystyki odpowiedzi
Français Polski % Poprawnych
Voyager Podróżować
90%
Manger Jeść
88%
Danser Tańczyć
88%
Dire Mówić
87%
Parler Rozmawiać
87%
Cuisiner Gotować
81%
Aller Iść
81%
Dormir Spać
80%
Chanter Śpiewać
79%
Boire Pić
76%
Finir Skończyć
75%
Aimer Lubić | Kochać
71%
Lire Czytać
70%
Écrire Pisać
70%
Vivre Żyć
70%
Jouer Grać
69%
Être Być
68%
Travailler Pracować
63%
Avoir Mieć
59%
Fumer Palić
55%
Voir Widzieć
55%
Sortir Wyjść
47%
Vouloir Chcieć
46%
Nager Pływać
46%
Savoir Znać
39%
Compter Liczyć
35%
Vendre Sprzedać
34%
Nie znaleziono quizów pasujących do podanych kryteriów
Rozkład punktacji
Procent ludzi z każdym wynikiem
Percentyl według liczby udzielonych odpowiedzi
Twoja historia wyników
Nie rozwiązałeś tego quizu